Derecho municipal, público provincial y contravencional /
Guardado en:
| Autor Principal: | |
|---|---|
| Formato: | Libro |
| Idioma: | Spanish |
| Publicado: |
Buenos Aires :
Ediciones Jurídicas Cuyo,
2006.
|
| Edición: | 2a. ed. amp y act. |
| Materias: | |
| Etiquetas: |
Agregar Etiqueta
Sin Etiquetas, Sea el primero en etiquetar este registro!
|
| LEADER | 00519nam a22001571a 4500 | ||
|---|---|---|---|
| 001 | DER.der013898 | ||
| 008 | 060623s2006####ag#||||||||||||||#||spa## | ||
| 005 | 20241105112520.0 | ||
| 245 | 1 | 0 | |a Derecho municipal, público provincial y contravencional / |c Néstor Osvaldo Losa. |
| 250 | |a 2a. ed. amp y act. | ||
| 260 | |a Buenos Aires : |b Ediciones Jurídicas Cuyo, |c 2006. | ||
| 300 | |a 467 p. | ||
| 020 | |a 9509099864 | ||
| 100 | 1 | |a Losa, Néstor Osvaldo. | |
| 650 | 7 | |a DERECHO ADMINISTRATIVO | |
| 859 | |a DERECHO |b BIB. DERECHO |h 344.3 |i LOS |p 009018 | ||
